Country Flight Destinations - Austria - Statistics

General Stats
  • This quiz has been taken 18 times
  • The average score is 47 of 66
Answer Stats
Answer % Correct
Croatia
100%
Finland
100%
France
100%
Germany
100%
Ireland
100%
Italy
100%
Norway
100%
Poland
100%
Portugal
100%
Sweden
100%
United Kingdom
100%
Belgium
93%
Denmark
93%
Greece
93%
Hungary
93%
Spain
93%
United Arab Emirates
93%
United States
93%
China
87%
Iceland
87%
Japan
87%
Latvia
87%
Netherlands
87%
Qatar
87%
Saudi Arabia
87%
Switzerland
87%
Turkey
87%
Albania
80%
Canada
80%
Czech Republic
80%
Egypt
80%
Morocco
80%
Romania
80%
Bulgaria
73%
Estonia
73%
Israel
73%
Lithuania
73%
Luxembourg
73%
Serbia
73%
Singapore
73%
Bosnia & Herzegovina
67%
India
67%
Mexico
67%
Thailand
67%
Tunisia
67%
Cyprus
60%
Malta
60%
Kuwait
53%
Slovakia
53%
South Korea
53%
Armenia
47%
Azerbaijan
47%
Montenegro
47%
North Macedonia
47%
Georgia
40%
Jordan
40%
Kosovo
40%
Lebanon
40%
Taiwan
40%
Algeria
33%
Ethiopia
33%
Maldives
33%
Moldova
33%
Oman
33%
Mauritius
20%
Iran
13%
No matching quizzes found
Score Distribution
Percent of People with Each Score
Percentile by Number Answered
Your Score History
You have not taken this quiz